000
00302nam a22001337a 4500
008
181015b xxu||||| |||| 00| 0 eng d
020
_a
071162004991
041
_a
eng
080
_a
038
100
_a
23
101
_a
FJA
245
_a
College Thesaurus in Dictionary form
_c
Rogets
942
_2
udc
_c
BK
999
_c
49656
_d
49656